គណិតវិទ្យា​ : (Record no. 6900)

MARC details
000 -LEADER
fixed length control field 01836nam a22002417a 4500
001 - CONTROL NUMBER
control field 6900
003 - CONTROL NUMBER IDENTIFIER
control field FISKH
005 - DATE AND TIME OF LATEST TRANSACTION
control field 20250605103623.0
008 - FIXED-LENGTH DATA ELEMENTS--GENERAL INFORMATION
fixed length control field 250605b cb ||||| |||| 00| 0 eng d
020 ## - INTERNATIONAL STANDARD BOOK NUMBER
International Standard Book Number 9789995000691
040 ## - CATALOGING SOURCE
Original cataloging agency FISKH
Language of cataloging khr
Transcribing agency FISKH
Modifying agency FISKH
082 ## - DEWEY DECIMAL CLASSIFICATION NUMBER
Classification number 510
100 ## - MAIN ENTRY--PERSONAL NAME
Personal name Seangly, Eee
245 ## - TITLE STATEMENT
Title គណិតវិទ្យា​ :
Remainder of title កំរិតខ្ពស់ ១១ /
Statement of responsibility, etc. លោក អុី ស៊ាងលី និង លោកស្រី ទី ប៉ូលីរ៉េត​
250 ## - EDITION STATEMENT
Edition statement បោះពុម្ពឆ្នាំ​២០២០
260 ## - PUBLICATION, DISTRIBUTION, ETC.
Place of publication, distribution, etc. Phnom Penh :
Name of publisher, distributor, etc. គ្រឺះស្ថានបោះពុម្ពនិងចែកផ្សាយ ,
Date of publication, distribution, etc. 2020.
300 ## - PHYSICAL DESCRIPTION
Extent 252 pages :
Other physical details illustrations ;
Dimensions 25 cm .
520 ## - SUMMARY, ETC.
Summary, etc. សៀវភៅគណិតវិទ្យាកំរិតមូលដ្ឋានថ្នាក់ទី១១ នៅកម្ពុជា គឺជាផ្នែកមួយនៃកម្មវិធីសិក្សាផ្លូវការដែលបានរៀបចំដោយក្រសួងអប់រំ យុវជន និងកីឡា។ សៀវភៅនេះមានគោលបំណងដើម្បីបង្កើនជំនាញគណិតវិទ្យារបស់សិស្ស ហើយអាចប្រើជាសៀវភៅណែនាំសម្រាប់ទាំងសិស្ស និងគ្រូបង្រៀនផងដែរ។
520 ## - SUMMARY, ETC.
Summary, etc. The Grade 11 Basic Mathematics textbook in Cambodia is part of the official curriculum developed by the Ministry of Education, Youth and Sport (MoEYS). It aims to strengthen students' mathematical skills and serves as a guide for both students and teachers.
700 ## - ADDED ENTRY--PERSONAL NAME
Personal name Navin, Chheang
Relator term llustrator
942 ## - ADDED ENTRY ELEMENTS (KOHA)
Source of classification or shelving scheme Dewey Decimal Classification
Koha item type Khmer Books
Suppress in OPAC No
Holdings
Withdrawn status Lost status Source of classification or shelving scheme Damaged status Not for loan Collection Home library Current library Shelving location Date acquired Total Checkouts Full call number Barcode Date last seen Copy number Price effective from Koha item type
    Dewey Decimal Classification     Khmer Language Books / សៀវភៅភាសាខ្មែរ Footprints International School Library Network Toul Tom Poung Campus Footprints International School Library Network Toul Tom Poung Campus TTP Secondary Khmer Bookshelves 06/05/2025   SEA 510 2025-1536 06/05/2025 1 06/05/2025 Khmer Books
    Dewey Decimal Classification     Khmer Language Books / សៀវភៅភាសាខ្មែរ Footprints International School Library Network Toul Tom Poung Campus Footprints International School Library Network Toul Tom Poung Campus TTP Secondary Khmer Bookshelves 06/05/2025   SEA 510 2025-1537 06/05/2025 2 06/05/2025 Khmer Books